| 000 | 01623nam a22004217a 4500 | ||
|---|---|---|---|
| 003 | CHAP | ||
| 005 | 20220329143607.0 | ||
| 008 | 100805s2010 mx r 00010 spa d | ||
| 010 | _a99010 | ||
| 011 | _a99982 | ||
| 035 | _a110668 | ||
| 040 | _cCHAP | ||
| 090 | _aTesis | ||
| 100 | 1 |
_aGarcía Munguía, Argelia. _946350 |
|
| 245 | 1 | 0 |
_aGerminación y manejo físico y químico de semillas de jitomate (Lycopersicon esculentum Mill.) _c/por Argelia García Munguía |
| 260 |
_aChapingo, Méx. : _bEl autor, _c2010 |
||
| 300 |
_axiv, 74 h. : _bilus., cuadros |
||
| 502 | _aTesis (Ing. Agr. Esp. en Fitotecnia) -- UACH. Departamento de Fitotecnia | ||
| 530 | _aTambién disponible en línea | ||
| 590 |
_aALEPH _b10 _c20130110 _lUCH01 _h1535 |
||
| 590 |
_aBATCH-UPD _b10 _c20130110 _lUCH01 _h1352 |
||
| 590 |
_aBATCH-UPD _b10 _c20130410 _lUCH01 _h0848 |
||
| 590 |
_aBATCH-UPD _b10 _c20130914 _lUCH01 _h1043 |
||
| 590 |
_aBATCH-UPD _b10 _c20140324 _lUCH01 _h1519 |
||
| 590 |
_aBATCH-UPD _b10 _c20141002 _lUCH01 _h0844 |
||
| 590 |
_aCONVERSION _b10 _c20130109 _lUCH01 _h1355 |
||
| 650 | 1 | 4 |
_aControl de plagas. _927595 |
| 650 | 1 | 4 |
_aControl químico. _927604 |
| 650 | 1 | 4 |
_aMicroorganismos patógenos. _975528 |
| 650 | 1 | 4 |
_aSemillas _xGerminación. _9103903 |
| 650 | 1 | 4 |
_aTomate _xEnfermedades por bacterias. _9113712 |
| 650 | 1 | 4 |
_aTomate _xSemilla. _9113765 |
| 856 |
_3Finding aid _uhttp://10.13.5.2/tesis/110668.pdf _zTeclea aqui |
||
| 901 | _aBK | ||
| 942 | _cFOLL | ||
| 949 |
_aTesis _bBC _cTES _d33724002214587 _eTS2 _fc.2 _gDonaciØn _h50927 _i110668 _sb |
||
| 949 |
_aTesis _bBC _cTES _d33724002214629 _eTS1 _gDonaciØn _h50926 _i110668 _sb |
||
| 999 |
_c99010 _d99010 |
||